000 00380nam a2200145Ia 4500
008 230711s9999||||xx |||||||||||||| ||und||
041 _aENG
082 _a621
_bSH-S
100 _aShames Irving H
245 0 _aIntroduction to solid mechanics
250 _a2nd
260 _c1990
_aNew Delhi
_bPrentice-Hall of India Private Limited
650 _aMechanical Engineering
942 _cBK
999 _c722
_d722